[Event "Albrecht-Beer-Turnier Gera"]
[Site "Gera"]
[Date "2024.10.05"]
[Round "5.58"]
[White "Struzina, Elias"]
[Black "Skibbe, Peter"]
[Result "1-0"]
[WhiteElo "1582"]
[BlackElo "1738"]
[PlyCount "39"]
[EventDate "2024.10.03"]
[WhiteTeam "TSV Kitzscher"]
[BlackTeam "ESV Gera"]

1. d4 d5 2. c4 c6 3. Nc3 dxc4 4. e3 b5 5. a4 a6 6. axb5 Bb7 7. bxa6 Rxa6 8.
Rxa6 Bxa6 9. Qa4 e6 10. Bxc4 Bxc4 11. Qxc4 Qa5 12. Nf3 Nf6 13. O-O Bb4 14. Ne5
c5 15. dxc5 Bxc5 16. Qb5+ Qxb5 17. Nxb5 Ke7 18. b3 Bd6 19. Nxd6 Kxd6 20. Nxf7+
1-0

[Event "Albrecht-Beer-Turnier Gera"]
[Site "Gera"]
[Date "2024.10.05"]
[Round "5.60"]
[White "Schimming, Jürgen"]
[Black "Just, Joachim"]
[Result "0-1"]
[WhiteElo "1476"]
[BlackElo "1935"]
[PlyCount "104"]
[EventDate "2024.10.03"]
[WhiteTeam "SK Turm Bad Hersfeld"]
[BlackTeam "SV Motor Zeitz"]

1. c4 g6 2. Nc3 Bg7 3. g3 f5 4. Bg2 c6 5. e3 e5 6. Nge2 Nf6 7. d4 d6 8. b4 O-O
9. O-O Nbd7 10. c5 d5 11. b5 Re8 12. Re1 e4 13. a4 Ng4 14. Nf4 Nxc5 15. Qc2 Ne6
16. Nce2 Bd7 17. Nxe6 Rxe6 18. Nf4 Re8 19. Bf1 Rc8 20. Qb3 Nf6 21. Ba3 g5 22.
Nh3 h6 23. Reb1 Bf8 24. Rb2 Bxa3 25. Qxa3 Qe7 26. Qb3 c5 27. a5 c4 28. Qc3 Be6
29. Kg2 f4 30. exf4 Bxh3+ 31. Kxh3 gxf4 32. Qc1 Qe6+ 33. Kg2 f3+ 34. Kh1 Nd7
35. Ra4 Kh7 36. Qf4 Rf8 37. Qh4 Qf6 38. Qg4 Rf7 39. Bh3 Qxd4 40. Rb1 Qxf2 41.
Qe6 Rcf8 42. Qxd5 Qc2 43. Re1 f2 44. Rf1 Qxa4 45. Qxe4+ Kh8 46. Qd4+ Nf6 47.
Rxf2 Qxb5 48. Bf5 Qd5+ 49. Qxd5 Nxd5 50. g4 Ne3 51. a6 bxa6 52. h3 Nxf5 0-1

[Event "Albrecht-Beer-Turnier Gera"]
[Site "Gera"]
[Date "2024.10.05"]
[Round "5.61"]
[White "Kopiske, Karl"]
[Black "Nestler, Klaus"]
[Result "0-1"]
[WhiteElo "1578"]
[BlackElo "1701"]
[PlyCount "52"]
[EventDate "2024.10.03"]
[WhiteTeam "USG Chemnitz"]
[BlackTeam "Einheit Börnichen"]

1. e4 d5 2. exd5 Qxd5 3. Nc3 Qa5 4. Nf3 c6 5. d4 e6 6. Bd3 Nf6 7. O-O Bd6 8.
Re1 O-O 9. Ne4 Nxe4 10. Rxe4 Nd7 11. Rh4 f5 12. Ng5 Nf6 13. Bc4 Re8 14. Rxh7
Nxh7 15. Qh5 Qe1+ 16. Bf1 Nxg5 17. Qxe8+ Bf8 18. Bxg5 Qxa1 19. Be7 b6 20. Qxf8+
Kh7 21. c4 Ba6 22. Qxa8 Bxc4 23. h3 Qxf1+ 24. Kh2 Bd5 25. f3 Qf2 26. Qe8 Bxf3
0-1

[Event "Albrecht-Beer-Turnier Gera"]
[Site "Gera"]
[Date "2024.10.05"]
[Round "5.64"]
[White "Kohl, Anke"]
[Black "Richter, Anastasia"]
[Result "1/2-1/2"]
[WhiteElo "1641"]
[BlackElo "1584"]
[PlyCount "59"]
[EventDate "2024.10.03"]
[WhiteTeam "Meuselwitzer SV"]
[BlackTeam "SV Königsjäger Süd-West"]

1. e4 e5 2. Nf3 Nc6 3. d4 exd4 4. Bc4 Nf6 5. Ng5 d5 6. exd5 Na5 7. Bb5+ c6 8.
dxc6 bxc6 9. Bd3 Be7 10. O-O O-O 11. a3 c5 12. c4 Bb7 13. Bf4 Bd6 14. Bg3 Nc6
15. Nd2 Re8 16. Nde4 Bxg3 17. fxg3 Nxe4 18. Nxe4 Qe7 19. Qh5 g6 20. Qxc5 f5 21.
Qd5+ Kg7 22. Nd6 Red8 23. Nxf5+ gxf5 24. Qxf5 Kh8 25. Rae1 Qg7 26. Qh5 Rf8 27.
Rxf8+ Rxf8 28. Re8 Rxe8 29. Qxe8+ Qg8 30. Qd7 1/2-1/2

[Event "Albrecht-Beer-Turnier Gera"]
[Site "Gera"]
[Date "2024.10.05"]
[Round "5.65"]
[White "Päpke, Aaron"]
[Black "Brade, Harald"]
[Result "1-0"]
[WhiteElo "1640"]
[BlackElo "1578"]
[PlyCount "61"]
[EventDate "2024.10.03"]
[WhiteTeam "SC Agon Neumünster"]
[BlackTeam "ESV Lok Döbeln"]

1. c4 e5 2. g3 Nf6 3. Bg2 c6 4. d4 exd4 5. Qxd4 c5 6. Qd3 Be7 7. Nf3 h6 8. Nc3
d6 9. Bf4 Nc6 10. Rd1 Be6 11. b3 a6 12. Bxd6 Bxd6 13. Qxd6 Nd4 14. Qxd8+ Rxd8
15. Nxd4 cxd4 16. Ne4 Nxe4 17. Bxe4 b6 18. O-O O-O 19. Rd3 Rfe8 20. Bf3 Bf5 21.
Rd2 Re5 22. Rfd1 Be4 23. Bxe4 Rxe4 24. e3 b5 25. exd4 Rexd4 26. Rxd4 Rc8 27.
Kf1 Rc5 28. Ke2 bxc4 29. Rxc4 Ra5 30. Ra4 Rh5 31. Rxa6 1-0

[Event "Albrecht-Beer-Turnier Gera"]
[Site "Gera"]
[Date "2024.10.05"]
[Round "5.66"]
[White "Stadelmann, Constantin"]
[Black "Boroshneva, Kassia"]
[Result "1-0"]
[WhiteElo "1623"]
[BlackElo "1427"]
[PlyCount "57"]
[EventDate "2024.10.03"]
[WhiteTeam "SSV Vimaria 91 Weimar"]
[BlackTeam "SC Turm Erfurt"]

1. d4 d5 2. Nf3 Nf6 3. e3 Nc6 4. Bd3 e6 5. O-O Bd6 6. b3 e5 7. dxe5 Nxe5 8. Bb2
Nxd3 9. Qxd3 Be6 10. Qb5+ Qd7 11. Qxb7 Qc8 12. Qb5+ Qd7 13. Qe2 Qe7 14. Rd1 O-O
15. Nbd2 Bg4 16. c4 c6 17. Qd3 Be6 18. Ne5 Qc7 19. Ndf3 Rad8 20. Qe2 Rfe8 21.
Rac1 Qb8 22. cxd5 Bxd5 23. Nc4 Qc7 24. Bxf6 gxf6 25. Nxd6 Qxd6 26. Nd4 Rc8 27.
Nf5 Qe6 28. Qg4+ Kf8 29. Qg7# 1-0

[Event "Albrecht-Beer-Turnier Gera"]
[Site "Gera"]
[Date "2024.10.05"]
[Round "6.1"]
[White "Buzzoni, Eugenio"]
[Black "Torosyan, Bagrat"]
[Result "1/2-1/2"]
[WhiteElo "2060"]
[BlackElo "2164"]
[PlyCount "67"]
[EventDate "2024.10.03"]
[WhiteTeam "SF Berlin 1903"]
[BlackTeam "TSG Oberschöneweide e.V."]

1. e4 e5 2. Nf3 Nc6 3. Bb5 a6 4. Ba4 Nf6 5. d3 b5 6. Bb3 Bc5 7. Nc3 h6 8. Nd5
d6 9. c3 Rb8 10. d4 Ba7 11. Be3 Nxd5 12. Bxd5 Ne7 13. Bb3 O-O 14. Qd2 Ng6 15.
h4 Bb7 16. h5 Nf4 17. Bxf4 exf4 18. Bc2 Bxe4 19. Bxe4 Qe7 20. Kf1 Qxe4 21. Rh4
Rfe8 22. Rxf4 Qd5 23. g4 Qc4+ 24. Kg2 Re2 25. b3 Rxd2 26. bxc4 Rc2 27. Re1 Rxc3
28. Re7 Rf8 29. Rxc7 Bb8 30. Rc6 bxc4 31. d5 Ra3 32. Rcxc4 Rxa2 33. Ra4 Rxa4
34. Rxa4 1/2-1/2

[Event "Albrecht-Beer-Turnier Gera"]
[Site "Gera"]
[Date "2024.10.05"]
[Round "6.2"]
[White "Herrmann, Jakob"]
[Black "Philipp, Mathias"]
[Result "1-0"]
[WhiteElo "2142"]
[BlackElo "2175"]
[PlyCount "51"]
[EventDate "2024.10.03"]
[WhiteTeam "SAV Torgelow-Drögeheide 90"]
[BlackTeam "SSV Vimaria 91 Weimar"]

1. Nf3 d5 2. g3 Nf6 3. Bg2 c6 4. O-O Bf5 5. c4 e6 6. Qb3 Qb6 7. d3 Nbd7 8. cxd5
Qxb3 9. axb3 exd5 10. Bd2 a6 11. b4 Rc8 12. Bc3 Be7 13. Nd4 Be6 14. Nd2 Nf8 15.
h3 Bd7 16. f4 c5 17. bxc5 Bxc5 18. N2b3 Bb6 19. Kh2 Ne6 20. Nf5 Rc6 21. e4 dxe4
22. dxe4 h5 23. e5 Ng8 24. Bxc6 Bxc6 25. Nd6+ Kf8 26. Bb4 1-0

[Event "Albrecht-Beer-Turnier Gera"]
[Site "Gera"]
[Date "2024.10.05"]
[Round "6.3"]
[White "Richter, Michael"]
[Black "Westphal, Wolfgang"]
[Result "1-0"]
[WhiteElo "2420"]
[BlackElo "2136"]
[PlyCount "73"]
[EventDate "2024.10.03"]
[WhiteTeam "SK König Tegel 1949"]
[BlackTeam "SSC Graal-Müritz"]

1. d4 g6 2. c4 Bg7 3. e4 d6 4. Nc3 Nc6 5. Be3 e5 6. d5 Nce7 7. c5 f5 8. Bb5+
Kf8 9. Nf3 Nf6 10. exf5 Bxf5 11. h3 a6 12. Ba4 h6 13. g4 Bc8 14. Bb3 h5 15. g5
Ne8 16. Nh4 Bf5 17. Qf3 Kg8 18. Nxf5 Nxf5 19. Bc2 Qc8 20. Ne4 h4 21. Rg1 dxc5
22. Bxc5 b6 23. Be3 Ned6 24. Rc1 Qd7 25. Nxd6 cxd6 26. Bxf5 gxf5 27. Bxb6 e4
28. Qb3 Rb8 29. Rc6 Be5 30. Qc2 Qf7 31. g6 Qxd5 32. Rc8+ Rxc8 33. Qxc8+ Kg7 34.
Qd7+ Kh6 35. g7 Rg8 36. Qe7 Bg3 37. fxg3 1-0

[Event "Albrecht-Beer-Turnier Gera"]
[Site "Gera"]
[Date "2024.10.05"]
[Round "6.4"]
[White "Dettmann, Gerd"]
[Black "Langheinrich, Ferenc"]
[Result "0-1"]
[WhiteElo "2105"]
[BlackElo "2335"]
[PlyCount "80"]
[EventDate "2024.10.03"]
[WhiteTeam "SG Güstrow/Teterow"]
[BlackTeam "ESV Nickelhütte Aue"]

1. e4 c6 2. Nc3 d5 3. Nf3 Bg4 4. h3 Bxf3 5. Qxf3 e6 6. g3 Nd7 7. exd5 cxd5 8.
Bg2 Ngf6 9. O-O Be7 10. Qd1 O-O 11. Ne2 Nc5 12. d3 Rc8 13. c3 b5 14. Be3 a5 15.
Qd2 Qd6 16. Nd4 Qa6 17. Nb3 Nb7 18. Rfe1 Rfd8 19. Bf1 b4 20. Nd4 bxc3 21. bxc3
Nc5 22. a4 Rb8 23. Qc2 Qc8 24. Reb1 Qd7 25. Rxb8 Rxb8 26. Bf4 Rc8 27. Nb5 Ne8
28. Bg2 Bf6 29. d4 Nb7 30. Qb3 Nbd6 31. Bf1 Nc4 32. Rb1 Be7 33. Re1 h6 34. h4
Nf6 35. Bd3 Nd6 36. Be5 Nde4 37. Qc2 Nxc3 38. Bxf6 Bxf6 39. Nxc3 Bxd4 40. Bb5
Qc7 0-1

[Event "Albrecht-Beer-Turnier Gera"]
[Site "Gera"]
[Date "2024.10.05"]
[Round "6.5"]
[White "Schulz, Karsten"]
[Black "Piotraschke, Jens"]
[Result "1-0"]
[WhiteElo "2166"]
[BlackElo "2059"]
[PlyCount "75"]
[EventDate "2024.10.03"]
[WhiteTeam "SF Schwerin"]
[BlackTeam "TuS Coswig 1920"]

1. Nf3 Nf6 2. c4 e6 3. g3 d5 4. Bg2 Be7 5. O-O O-O 6. b3 a5 7. Nc3 c6 8. d4 h6
9. Ne5 Na6 10. Bb2 Bd7 11. e4 dxe4 12. Nxe4 Qc7 13. Nxf6+ Bxf6 14. Ng4 Be7 15.
d5 f6 16. Nxh6+ gxh6 17. Qg4+ Kf7 18. Qh5+ Kg7 19. Be4 Be8 20. Qg4+ Kh8 21.
dxe6 Rg8 22. Qh3 h5 23. Rfd1 Nc5 24. Bf3 Rg7 25. Rd4 Rh7 26. Rh4 Kg7 27. Bxh5
Bxh5 28. Rxh5 Rxh5 29. Qxh5 Nxe6 30. Re1 Qd6 31. Re4 Rg8 32. Bc1 Ng5 33. h4 Nf7
34. Rg4+ Ng5 35. hxg5 Qd1+ 36. Kg2 f5 37. Qh6+ Kf7 38. Qh7+ 1-0

[Event "Albrecht-Beer-Turnier Gera"]
[Site "Gera"]
[Date "2024.10.05"]
[Round "6.6"]
[White "Zipfel, Frank"]
[Black "Ahmed, Daniel"]
[Result "0-1"]
[WhiteElo "2154"]
[BlackElo "2046"]
[PlyCount "80"]
[EventDate "2024.10.03"]
[WhiteTeam "fuß brothers Jena"]
[BlackTeam "SV Motor Zeitz"]

1. e4 d5 2. exd5 Qxd5 3. Nc3 Qd8 4. d4 Nf6 5. Nf3 g6 6. Bf4 Bg7 7. Qd2 O-O 8.
O-O-O Bg4 9. Be2 Nbd7 10. h3 Bxf3 11. Bxf3 c6 12. Bh6 Nb6 13. Bxg7 Kxg7 14. g4
Qd6 15. g5 Nc4 16. gxf6+ exf6 17. Ne4 Nxd2 18. Nxd6 Nxf3 19. Rd3 Ng5 20. Nxb7
Rfe8 21. Na5 Ne4 22. Rh2 Re6 23. b4 Rb8 24. a3 Rb5 25. f3 Ng3 26. c4 Rh5 27. d5
cxd5 28. cxd5 Re2 29. Rxe2 Nxe2+ 30. Kd2 Nf4 31. Rd4 Nxd5 32. Nc6 a6 33. Nb8
Nb6 34. Nxa6 Rxh3 35. Ke3 h5 36. Nc5 g5 37. Nd7 Nxd7 38. Rxd7 g4 39. a4 Rxf3+
40. Ke2 Rf4 0-1

[Event "Albrecht-Beer-Turnier Gera"]
[Site "Gera"]
[Date "2024.10.05"]
[Round "6.7"]
[White "Röhl, Rainer"]
[Black "Schuricht, Emil Frederick"]
[Result "0-1"]
[WhiteElo "2001"]
[BlackElo "2145"]
[PlyCount "72"]
[EventDate "2024.10.03"]
[WhiteTeam "SSC Graal-Müritz"]
[BlackTeam "Krefelder SK Turm 1851"]

1. Nf3 Nf6 2. e3 d5 3. d4 e6 4. Bd3 Be7 5. Nbd2 c5 6. c3 Nc6 7. O-O O-O 8. dxc5
Bxc5 9. e4 dxe4 10. Nxe4 Nxe4 11. Bxe4 h6 12. Qe2 Qe7 13. Bf4 Bd7 14. Rfd1 Rfd8
15. Bc2 Be8 16. Rxd8 Rxd8 17. Rd1 Rxd1+ 18. Qxd1 e5 19. Qd3 f5 20. Be3 Bxe3 21.
Qxe3 e4 22. Nd4 Qf6 23. Nxc6 Bxc6 24. Qxa7 Qg5 25. Qe3 f4 26. Qd2 e3 27. fxe3
fxe3 28. Bb3+ Kh8 29. Qe2 Bxg2 30. h4 Bf3+ 31. hxg5 Bxe2 32. a4 Bf3 33. a5 hxg5
34. Be6 g4 35. Bf5 e2 36. Kf2 g3+ 0-1

[Event "Albrecht-Beer-Turnier Gera"]
[Site "Gera"]
[Date "2024.10.05"]
[Round "6.8"]
[White "Fadeev, Justin Michael"]
[Black "Kapp, Martin"]
[Result "0-1"]
[WhiteElo "1776"]
[BlackElo "2193"]
[PlyCount "82"]
[EventDate "2024.10.03"]
[WhiteTeam "Barnimer SF"]
[BlackTeam "SV Eiche Reichenbrand"]

1. e4 e6 2. d4 d5 3. Nd2 c5 4. exd5 exd5 5. Ngf3 Nf6 6. Bb5+ Bd7 7. Bxd7+ Nbxd7
8. O-O Be7 9. dxc5 Nxc5 10. Re1 O-O 11. Nf1 Nce4 12. Be3 Re8 13. Bd4 Rc8 14.
Ne3 b6 15. c3 Bc5 16. Qd3 Rc6 17. Rad1 Rce6 18. Kf1 Nxf2 19. Kxf2 Bxd4 20. Qxd4
Re4 21. Qd3 Rxe3 22. Rxe3 Ng4+ 23. Kg1 Nxe3 24. Re1 Ng4 25. Rxe8+ Qxe8 26. Kf1
Qe3 27. Qxe3 Nxe3+ 28. Ke2 Nxg2 29. Kd3 f6 30. Kd4 Nf4 31. c4 dxc4 32. Kxc4 a6
33. a4 Kf7 34. a5 bxa5 35. Ne1 Ke6 36. Kc5 Ke5 37. Kb6 Kd4 38. Kxa5 Nd3 39.
Nc2+ Kc4 40. b4 Kc3 41. Kxa6 Nxb4+ 0-1

[Event "Albrecht-Beer-Turnier Gera"]
[Site "Gera"]
[Date "2024.10.05"]
[Round "6.9"]
[White "Thielsch, Norman"]
[Black "Feldmann, Bernd"]
[Result "1-0"]
[WhiteElo "2323"]
[BlackElo "1987"]
[PlyCount "113"]
[EventDate "2024.10.03"]
[WhiteTeam "Chemnitzer SC Aufbau`95"]
[BlackTeam "Randspringer Bad Salzungen"]

1. d4 d5 2. c4 e6 3. Nf3 f5 4. Bg5 Nf6 5. e3 Be7 6. Be2 O-O 7. O-O Nbd7 8. Ne5
c6 9. f4 Ne4 10. Bxe7 Qxe7 11. Nxd7 Bxd7 12. Nd2 Nxd2 13. Qxd2 Kh8 14. c5 Rg8
15. b4 a6 16. a4 g5 17. Rab1 Rg7 18. Rf2 Rag8 19. b5 axb5 20. axb5 g4 21. Rff1
Rc8 22. bxc6 Bxc6 23. Ra1 h5 24. Ra7 Rc7 25. Rb1 h4 26. Bf1 Qf6 27. Rba1 Rc8
28. Qb4 Qd8 29. Bd3 h3 30. Qe1 hxg2 31. R1a2 Rh7 32. Rxg2 Qe8 33. Qe2 Rh3 34.
Rg3 Qh5 35. Qf2 Rxg3+ 36. Qxg3 Rc7 37. Ra8+ Kg7 38. Bf1 Kf6 39. Rf8+ Kg7 40.
Rd8 Kf6 41. Rg8 Rh7 42. h3 gxh3 43. Kh2 Qh6 44. Bxh3 Rg7 45. Rxg7 Qxg7 46. Qh4+
Kf7 47. Bf1 Qf6 48. Qh3 Qg7 49. Be2 Kg8 50. Bh5 Qf6 51. Qg3+ Kf8 52. Qg5 Ke7
53. Kg3 Bd7 54. Kf2 Bb5 55. Ke1 Bc6 56. Kd2 Bd7 57. Kc3 1-0

[Event "Albrecht-Beer-Turnier Gera"]
[Site "Gera"]
[Date "2024.10.05"]
[Round "6.10"]
[White "Czäczine, Anne"]
[Black "Gast, Rainer"]
[Result "1-0"]
[WhiteElo "2184"]
[BlackElo "1965"]
[PlyCount "79"]
[EventDate "2024.10.03"]
[WhiteTeam "Chemnitzer SC Aufbau`95"]
[BlackTeam "SV Breitenworbis"]

1. e4 c6 2. Nc3 d5 3. Nf3 dxe4 4. Nxe4 Nd7 5. Bc4 e6 6. d4 Ngf6 7. Nxf6+ Nxf6
8. O-O Qc7 9. Re1 Be7 10. Ne5 O-O 11. Qf3 Rb8 12. c3 Bd7 13. Bd3 c5 14. Bf4 Bd6
15. dxc5 Qxc5 16. Nxd7 Nxd7 17. Bxd6 Qxd6 18. Rad1 Qe7 19. Bxh7+ Kxh7 20. Qd3+
Kg8 21. Qxd7 Qxd7 22. Rxd7 Rfd8 23. Red1 Rxd7 24. Rxd7 a6 25. Kf1 g5 26. Ke2
Kg7 27. h3 Kg6 28. Kd3 f6 29. c4 Kf5 30. b4 Ke5 31. c5 f5 32. Ke3 a5 33. a3
axb4 34. axb4 b5 35. g3 f4+ 36. Kf3 Ra8 37. Rb7 Ra3+ 38. Kg4 Ke4 39. Rxb5 Rf3
40. c6 1-0

[Event "Albrecht-Beer-Turnier Gera"]
[Site "Gera"]
[Date "2024.10.05"]
[Round "6.11"]
[White "Sechting, Martin"]
[Black "Carnot, Luca"]
[Result "1/2-1/2"]
[WhiteElo "1988"]
[BlackElo "2073"]
[PlyCount "162"]
[EventDate "2024.10.03"]
[WhiteTeam "SC Weisse Dame"]
[BlackTeam "TSG Apolda"]

1. d4 Nf6 2. c4 c5 3. d5 b5 4. Qc2 g6 5. e4 d6 6. cxb5 a6 7. Nf3 Bg7 8. b6 O-O
9. Be2 Qxb6 10. O-O Bg4 11. h3 Bxf3 12. Bxf3 Nbd7 13. Nc3 Rfb8 14. Rb1 Ne8 15.
Be2 Nc7 16. Bg5 Nf6 17. Kh1 Nb5 18. Na4 Qa5 19. Bd2 Qd8 20. Bc4 Nd7 21. f4 Nf6
22. Qd3 Ra7 23. Rbe1 Nd7 24. Qg3 Nd4 25. Bc3 Qc7 26. Qd3 Qd8 27. Qd2 Qe8 28. b3
Bf6 29. Qd3 Qc8 30. Ba5 Nb5 31. Qg3 Nd4 32. Bd3 Rb5 33. Bc3 Qc7 34. Ba1 Rb8 35.
Nc3 a5 36. Na4 Bg7 37. Bc3 Rf8 38. Qf2 Nb6 39. Nxb6 Qxb6 40. e5 a4 41. Bxd4
cxd4 42. Bc4 axb3 43. Bxb3 dxe5 44. fxe5 Bh6 45. Qh4 Be3 46. d6 exd6 47. Rf6
Qa5 48. Rxd6 Qxe5 49. Qf6 Qxf6 50. Rxf6 Kg7 51. Ref1 Rd7 52. h4 d3 53. R6f3 Ba7
54. g4 d2 55. g5 Bb6 56. Kg2 Bd8 57. Kh3 h6 58. Kg4 f6 59. gxf6+ Rxf6 60. Rxf6
Bxf6 61. h5 Rd4+ 62. Kg3 gxh5 63. Bd1 Bh4+ 64. Kh2 Be1 65. Rf5 Rb4 66. Rd5 h4
67. a4 Kf6 68. Rb5 Rc4 69. Rd5 Ke6 70. Rxd2 Bxd2 71. Bb3 Kd5 72. Bxc4+ Kxc4 73.
Kg2 Kb4 74. a5 Kxa5 75. Kh1 Kb4 76. Kg2 Kc4 77. Kh3 Kd3 78. Kxh4 Ke2 79. Kh3
Kf1 80. Kh2 Bf4+ 81. Kh1 h5 1/2-1/2

[Event "Albrecht-Beer-Turnier Gera"]
[Site "Gera"]
[Date "2024.10.05"]
[Round "6.12"]
[White "Pietzsch, Manuel"]
[Black "Aniol, Adrian"]
[Result "1-0"]
[WhiteElo "2042"]
[BlackElo "1901"]
[PlyCount "45"]
[EventDate "2024.10.03"]
[WhiteTeam "SV Motor Zeitz"]
[BlackTeam "VfL 1990 Gera"]

1. e4 d6 2. d4 Nf6 3. Nc3 e5 4. Nf3 Nbd7 5. Rg1 exd4 6. Nxd4 Nc5 7. Qe2 Ne6 8.
Be3 Bd7 9. O-O-O Nxd4 10. Bxd4 Qe7 11. g4 Bc6 12. g5 Nxe4 13. Nxe4 Bxe4 14. Re1
d5 15. f3 Qb4 16. fxe4 Qxd4 17. exd5+ Kd7 18. Bh3+ Kd6 19. Rg4 Qb6 20. Qe5+ Kc5
21. d6+ Kc6 22. Rc4+ Qc5 23. Qxc5# 1-0

[Event "Albrecht-Beer-Turnier Gera"]
[Site "Gera"]
[Date "2024.10.05"]
[Round "6.13"]
[White "Helmsdorf, Marius"]
[Black "Steinbacher, Claudia"]
[Result "1/2-1/2"]
[WhiteElo "1948"]
[BlackElo "2041"]
[PlyCount "114"]
[EventDate "2024.10.03"]
[WhiteTeam "ESV Gera"]
[BlackTeam "Rodewischer Schachmiezen"]

1. d4 Nf6 2. Nc3 e6 3. e4 d5 4. Bg5 Be7 5. e5 Nfd7 6. h4 h6 7. Bxe7 Qxe7 8. Qg4
O-O 9. f4 f5 10. Qf3 a6 11. g4 fxg4 12. Qxg4 c5 13. Nge2 Nc6 14. O-O-O b5 15.
Bg2 Nb6 16. Rhg1 Ra7 17. Qg6 Rc7 18. Ne4 dxe4 19. Bxe4 Rf5 20. Bxf5 exf5 21. d5
Nxd5 22. Rxd5 Nb4 23. Rd6 Bb7 24. Qxf5 Qxh4 25. a3 Nc6 26. Qe6+ Kh7 27. Qg6+
Kh8 28. e6 Nd4 29. Qe8+ Kh7 30. Qg6+ Kh8 31. Qe8+ Kh7 32. Rd8 Nxe2+ 33. Kb1
Nxg1 34. f5 Qe1+ 35. Ka2 Bd5+ 36. Rxd5 Qh4 37. Qg6+ Kg8 38. Qe8+ Kh7 39. Qg6+
Kg8 40. b3 Ne2 41. Qe8+ Kh7 42. Qg6+ Kg8 43. Rd7 Rxd7 44. Qe8+ Kh7 45. Qg6+ Kg8
46. Qe8+ Kh7 47. exd7 Nc3+ 48. Kb2 Qd4 49. Qg6+ Kg8 50. Qe8+ Kh7 51. d8=Q Nd5+
52. Kc1 Qa1+ 53. Kd2 Qc3+ 54. Kd1 Qd4+ 55. Ke2 Qg4+ 56. Kf1 Qf4+ 57. Ke1 Qc1+
1/2-1/2

[Event "Albrecht-Beer-Turnier Gera"]
[Site "Gera"]
[Date "2024.10.05"]
[Round "6.14"]
[White "Meyner, Hannes"]
[Black "Kosovska, Olena"]
[Result "1-0"]
[WhiteElo "2016"]
[BlackElo "1896"]
[PlyCount "103"]
[EventDate "2024.10.03"]
[WhiteTeam "SAbt TG 1949 Wehlheiden"]
[BlackTeam "SG Grün-Weiß Dresden"]

1. d4 g6 2. e4 Bg7 3. c4 c5 4. d5 d6 5. Be2 Nd7 6. Nf3 Ngf6 7. Nc3 O-O 8. h3 a6
9. a4 Ne5 10. Nxe5 dxe5 11. Be3 Qc7 12. O-O Ne8 13. a5 Nd6 14. Qb1 Rb8 15. b4
cxb4 16. Bb6 Qd7 17. Qxb4 f5 18. f3 Nf7 19. Bd1 Qe8 20. Ba4 Bd7 21. Bxd7 Qxd7
22. Na4 fxe4 23. Nc5 Qd6 24. fxe4 Ng5 25. Qd2 Rf4 26. Qe2 Rc8 27. Nxb7 Qb4 28.
Rxf4 exf4 29. Rc1 Qa3 30. Rf1 f3 31. gxf3 Nxh3+ 32. Kh1 Qb3 33. Nc5 Qc3 34. Ne6
Rxc4 35. Qg2 Bf6 36. Kh2 Nf4 37. Nxf4 Be5 38. Qg4 Bd6 39. Kh1 Qd2 40. Ng2 Rc2
41. Be3 Qd3 42. Re1 Kg7 43. Qh4 Qc3 44. e5 Bb4 45. d6 Rxg2 46. Qxe7+ Kg8 47.
Qe6+ Kg7 48. Qf6+ Kg8 49. Kxg2 Qxe1 50. d7 Qe2+ 51. Bf2 Bxa5 52. e6 1-0

[Event "Albrecht-Beer-Turnier Gera"]
[Site "Gera"]
[Date "2024.10.05"]
[Round "6.15"]
[White "Maiwald, Harald"]
[Black "Hoffmann, Tim"]
[Result "1-0"]
[WhiteElo "1946"]
[BlackElo "2004"]
[PlyCount "97"]
[EventDate "2024.10.03"]
[WhiteTeam "TSG Apolda"]
[BlackTeam "SF Greiz"]

1. Nf3 Nf6 2. g3 b6 3. Bg2 Bb7 4. c4 e6 5. O-O Be7 6. d4 O-O 7. Nc3 Ne4 8. Qc2
Nxc3 9. Qxc3 f5 10. Rd1 Bf6 11. b4 Qe7 12. Ba3 d6 13. c5 bxc5 14. bxc5 Nc6 15.
Rab1 Rab8 16. Rxb7 Rxb7 17. cxd6 cxd6 18. Qxc6 Rb6 19. Qc4 Qf7 20. e3 d5 21.
Qc5 Rfb8 22. Bf1 Qb7 23. Kg2 Rc6 24. Qa5 Qb6 25. Qxb6 Rbxb6 26. Bc5 Rb2 27. a4
a6 28. Rd2 Rb1 29. Ra2 Kf7 30. a5 g5 31. Bd3 Rb3 32. Bc2 Rb7 33. Ne1 Be7 34.
Nd3 Rc8 35. Bxe7 Kxe7 36. Nc5 Ra7 37. Rb2 Kd6 38. Rb6+ Rc6 39. Rxc6+ Kxc6 40.
Nxe6 Kb5 41. Nxg5 Kxa5 42. Bxf5 h6 43. Ne6 Kb4 44. Nf4 a5 45. Nxd5+ Kc4 46. Be6
a4 47. Nb6+ Kb5 48. Nxa4 Rxa4 49. Bd7+ 1-0

[Event "Albrecht-Beer-Turnier Gera"]
[Site "Gera"]
[Date "2024.10.05"]
[Round "6.16"]
[White "Homberger, Jan"]
[Black "Schmidt, Matthias"]
[Result "1/2-1/2"]
[WhiteElo "1915"]
[BlackElo "1993"]
[PlyCount "113"]
[EventDate "2024.10.03"]
[WhiteTeam "SSV Vimaria 91 Weimar"]
[BlackTeam "TSG Apolda"]

1. Nf3 Nf6 2. g3 g6 3. b3 Bg7 4. Bb2 O-O 5. Bg2 d6 6. c4 e5 7. d4 Nc6 8. d5 Nb8
9. Nfd2 a5 10. Nc3 Nbd7 11. a3 b6 12. Qc2 Nh5 13. Bf3 Ndf6 14. Rg1 Bf5 15. e4
Bg4 16. Bxg4 Nxg4 17. h3 Ngf6 18. Ne2 Nd7 19. g4 Nf4 20. Nxf4 exf4 21. Bxg7
Kxg7 22. g5 Ne5 23. Qc3 f6 24. h4 fxg5 25. hxg5 Kg8 26. Nf3 Nxf3+ 27. Qxf3 Qe7
28. O-O-O Rae8 29. Rde1 Qg7 30. Kc2 Re5 31. Qh3 Qe7 32. Qg2 Rff5 33. exf5 Rxe1
34. Rxe1 Qxe1 35. f6 Qe2+ 36. Kc3 Qe1+ 37. Kd3 Qd1+ 38. Ke4 Qxb3 39. Kxf4 Qxc4+
40. Kg3 Qd3+ 41. Kg4 Qf5+ 42. Kh4 h6 43. gxh6 Qxf6+ 44. Kh3 Qf5+ 45. Kh2 Kh7
46. Kg1 Kxh6 47. Kf1 Kg7 48. Ke2 Qc2+ 49. Ke3 Qc3+ 50. Ke4 b5 51. f4 b4 52.
axb4 axb4 53. Qg5 Qf6 54. Qg3 Qc3 55. Qg5 Qe1+ 56. Kd4 Qc3+ 57. Ke4 1/2-1/2

[Event "Albrecht-Beer-Turnier Gera"]
[Site "Gera"]
[Date "2024.10.05"]
[Round "6.17"]
[White "Seidens, Gunter"]
[Black "Kroh, Christian"]
[Result "1/2-1/2"]
[WhiteElo "2005"]
[BlackElo "1785"]
[PlyCount "29"]
[EventDate "2024.10.03"]
[WhiteTeam "VfL 1990 Gera"]
[BlackTeam "TSG Apolda"]

1. d4 Nf6 2. c4 e6 3. Nf3 b6 4. g3 Bb7 5. Bg2 c5 6. dxc5 Bxc5 7. O-O O-O 8. a3
d5 9. cxd5 Nxd5 10. b4 Be7 11. Bb2 Bf6 12. Qb3 Nd7 13. Nc3 Nxc3 14. Bxc3 Bxc3
15. Qxc3 1/2-1/2

[Event "Albrecht-Beer-Turnier Gera"]
[Site "Gera"]
[Date "2024.10.05"]
[Round "6.19"]
[White "Kohl, Torsten"]
[Black "Reimann, Hubert"]
[Result "0-1"]
[WhiteElo "1809"]
[BlackElo "1956"]
[PlyCount "71"]
[EventDate "2024.10.03"]
[WhiteTeam "Meuselwitzer SV"]
[BlackTeam "SV Motor Zeitz"]

1. c4 Nf6 2. g3 e5 3. Bg2 Bc5 4. Nc3 O-O 5. Nf3 Nc6 6. O-O Re8 7. d3 h6 8. Bd2
a6 9. a3 Rb8 10. b4 Bf8 11. Ne1 Ne7 12. f4 exf4 13. Bxf4 Ng6 14. Bd2 a5 15. Nd5
Nxd5 16. Bxd5 Nh8 17. Bg2 c6 18. e4 axb4 19. axb4 Bxb4 20. Bf4 d6 21. d4 Be6
22. c5 Ra8 23. Bxd6 Bc3 24. Rc1 Ra3 25. Rb1 Bc4 26. Rf2 b5 27. Nc2 Ra2 28. Ne3
Rxf2 29. Kxf2 Ba2 30. Rc1 Qa5 31. Nf5 Ng6 32. Qc2 b4 33. e5 Bd5 34. Bxd5 cxd5
35. Qd3 Qa2+ 36. Qc2 0-1

[Event "Albrecht-Beer-Turnier Gera"]
[Site "Gera"]
[Date "2024.10.05"]
[Round "6.20"]
[White "Skibbe, Diana"]
[Black "Fleischmann, Theo"]
[Result "1-0"]
[WhiteElo "1955"]
[BlackElo "1814"]
[PlyCount "49"]
[EventDate "2024.10.03"]
[WhiteTeam "SC Rochade Zeulenroda"]
[BlackTeam "SVG CAISSA Kassel"]

1. e4 c5 2. Nf3 d6 3. d4 cxd4 4. Nxd4 Nf6 5. Nc3 Nc6 6. Be2 g6 7. Be3 Bg7 8.
O-O d5 9. exd5 Nxd5 10. Nxd5 Qxd5 11. Bf3 Qd7 12. Nxc6 bxc6 13. Qc1 O-O 14. Rd1
Qc7 15. Bf4 e5 16. Bg3 Bf5 17. Re1 Rab8 18. Rb1 Rfd8 19. Re2 f6 20. Qe1 Qb6 21.
Qc3 e4 22. Bxe4 Bxe4 23. Bxb8 f5 24. Be5 Bh6 25. Qb3+ 1-0